Automatizovaný systém účetnictví zemědělského podniku

Salvato in:
Dettagli Bibliografici
Natura: Libro
Lingua:ceco
Pubblicazione: Praha Vysoká škola zemědělská 1969
Tags: Aggiungi Tag
Nessun Tag, puoi essere il primo ad aggiungerne!!

MARC

LEADER 00000nam a2200000 4500
001 c121855
005 20250728090044.7
041 0 |a cze 
044 |a CZ 
245 1 0 |a Automatizovaný systém účetnictví zemědělského podniku  |c Zost. K. Novotný a kol. 
264 1 |a Praha  |b Vysoká škola zemědělská  |c 1969 
300 |a S. 208-417